000 00759nam a22002297a 4500
999 _c125543
_d125543
005 20181218161020.0
010 _aB-189856
020 _c00.00
_a0070606374
035 _aB-189856
037 _bCen Lib/Ret
082 _a302.3
_bMIS
100 _aMisino, Dominick J.
245 _aNegotiate and win :
_cby Misino Dominick J. Misino [and] Jim DeFelice
_bproven strategies frm the NYPD's top hostage negotiator /
260 _aNew Delhi
_bTata McGraw-Hill Publishing Company
_c2004
270 _bNew Delhi
_a7 west patel nagar
_e110008
300 _avi, 185p.
_c21cm(pbk)
500 _aIncludes appendix and index
650 _aSocial science
650 _alife of negotiation
942 _2ddc
_cEN
_h302.3
_mMIS